00402nam a2200169Ia 4500003000400000005001700004008004100021020001500062040000700077041000800084082001700092100002000109245003300129260004000162300001700202365001300219OSt20230331152741.0210423s2009 xx 000 0 und d a1861978227 cAL aeng a658.404 ROBP aROBERTS (Paul). aGuide to project management. aNew DelhibViva Books Pvt Ltdc2009 aviii,311bPB b395cINR